000 00730nam a22002657a 4500
003 UA-OsUOA
001 93006
007 ta
008 20130110b un ||||| |||| 00| 0 ukr d
100 _aБалязин В.
700 _aМорозова В.
090 _a821.161.1
_bБ21
942 _cBK
040 _aUA-OsUOA
_brus
_cUA-OsUOA
_dUA-OsUOA
245 _aНастанет год
300 _a299 с.
_bІлюстрації
955 _a3
041 _arus
080 _a821.161.1
260 _aМ.
_bПолитиздат
_c1989
246 3 1 _aПовесть об Ольге Варенцовой
_n
044 _aRU
650 7 _a82 Література. Літературознавство
_2UDC
999 _c378961
_d378961